Ventana de Amanecer : (Record no. 195914)

MARC details
000 -LEADER
campo de control de longitud fija 01051nam a2200277 i 4500
001 - NÚMERO DE CONTROL
campo de control 195914
003 - IDENTIFICADOR DE NÚMERO DE CONTROL
campo de control ES-MaACL
005 - FECHA Y HORA DE LA ÚLTIMA TRANSACCIÓN
campo de control 20250327063103.0
008 - DATOS DE LONGITUD FIJA--INFORMACIÓN GENERAL
campo de control de longitud fija 240802b2023 sp ||||| |||| 00| 0 spa d
017 ## - NÚMERO DE COPYRIGHT O DE DEPÓSITO LEGAL
Número de copyright o de depósito legal MU 211-2023
040 ## - FUENTE DE CATALOGACIÓN
Centro catalogador/agencia de origen ES-MaACL
Centro/agencia transcriptor ES-MaACL
100 0# - ENTRADA PRINCIPAL--NOMBRE DE PERSONA
Nombre de persona Cervantes, María Teresa,
9 (RLIN) 37586
Fechas asociadas al nombre 1931-
245 ## - MENCIÓN DEL TÍTULO
Título Ventana de Amanecer :
Resto del título poesía /
Mención de responsabilidad, etc. María Teresa Cervantes ; ilustraciones de Virginia Bernal
250 ## - MENCION DE EDICION
Mención de edición Edición no venal
260 ## - PUBLICACIÓN, DISTRIBUCIÓN, ETC.
Lugar de publicación, distribución, etc. Cartagena :
Nombre del editor, distribuidor, etc. Ayuntamiento de Cartagena,
Fecha de publicación, distribución, etc. marzo de 2023.
300 ## - DESCRIPCIÓN FÍSICA
Extensión 121 pág. ;
Dimensiones 18 cm
336 ## - TIPO DE CONTENIDO
Fuente rdacontent
Término de tipo de contenido Texto
337 ## - TIPO DE MEDIO
Fuente rdamedia
Nombre/término del tipo de medio sin mediación
338 ## - TIPO DE SOPORTE
Fuente rdacarrier
Nombre/término del tipo de soporte volumen
655 #7 - TERMINO DE INDIZACIÓN--GENERO/FORMA
Fuente del término tgfbne
9 (RLIN) 176539
Datos o término principal de género/forma Poesías
852 ## - LOCALIZACIÓN
Ubicación ES-MaACL
Sublocalización o colección R.154529
Ubicación en estantería Depósito J
Número de control de estantería N-9034
Donativo/Legado Donación: Editorial
Encuadernación Encuadernación: rústica con solapas
itemnumber 204891
942 ## - ELEMENTOS DE ENTRADA SECUNDARIOS (KOHA)
Tipo de ítem Koha Libro impreso
Suprimir en OPAC No
954 ## - CATALOGADOR -ALTA REGISTRO
Estado de la copia Tatiana Alejandra de Castro Pérez
Holdings
Estatus retirado Estado de pérdida Fuente del sistema de clasificación o colocación Estado de daño No para préstamo Biblioteca de origen Biblioteca actual Ubicación en estantería Fecha de adquisición Fuente de adquisición Total de préstamos Signatura topográfica completa Código de barras Visto por última vez Precio de reemplazo Tipo de ítem Koha
    Clasificación decimal universal     Biblioteca del Ateneo de Madrid Biblioteca del Ateneo de Madrid Depósito J 25/03/2025 Donación   N-9034 101229739 25/03/2025 25/03/2025 Libro impreso